<?xml version='1.0' encoding='UTF-8'?>
  <record xmlns="http://www.loc.gov/MARC21/slim">
    <leader>00000cam a2200000 i 4500</leader>
    <controlfield tag="001">ocm49266602</controlfield>
    <controlfield tag="003">OCoLC</controlfield>
    <controlfield tag="005">20240127100239.6</controlfield>
    <controlfield tag="008">990211s1581    gw            001 0 lat d</controlfield>
    <datafield tag="040" ind1=" " ind2=" ">
      <subfield code="a">EQO</subfield>
      <subfield code="b">eng</subfield>
      <subfield code="e">rda</subfield>
      <subfield code="c">EQO</subfield>
      <subfield code="d">OCLCQ</subfield>
      <subfield code="d">OCLCG</subfield>
      <subfield code="d">LGG</subfield>
      <subfield code="d">OCLCA</subfield>
      <subfield code="d">OCLCF</subfield>
      <subfield code="d">OCLCQ</subfield>
      <subfield code="d">OCLCO</subfield>
      <subfield code="d">QGJ</subfield>
      <subfield code="d">OCLCQ</subfield>
      <subfield code="d">OCLCO</subfield>
      <subfield code="d">OCLCL</subfield>
    </datafield>
    <datafield tag="035" ind1=" " ind2=" ">
      <subfield code="a">(OCoLC)49266602</subfield>
    </datafield>
    <datafield tag="043" ind1=" " ind2=" ">
      <subfield code="a">e-hu---</subfield>
    </datafield>
    <datafield tag="050" ind1=" " ind2="4">
      <subfield code="a">DB924</subfield>
      <subfield code="b">.B65 1936</subfield>
    </datafield>
    <datafield tag="100" ind1="1" ind2=" ">
      <subfield code="a">Bonfini, Antonio,</subfield>
      <subfield code="d">1427-1502.</subfield>
      <subfield code="1">https://id.oclc.org/worldcat/entity/E39PBJtrTMG4cywfhYXW4yQDv3</subfield>
    </datafield>
    <datafield tag="240" ind1="1" ind2="0">
      <subfield code="a">Rerum Ungaricarum decades</subfield>
    </datafield>
    <datafield tag="245" ind1="1" ind2="0">
      <subfield code="a">Antonii Bonfinii Rerum Ungaricarum decades quatuor cum dimidia. :</subfield>
      <subfield code="b">His accessere Joan. Sambuci aliquot appendices, &amp; alia: unà cum priscorum Regum Ungariae decretis, seu constitutionibus: quarum narrationes Bonfinij obiter meminere: &amp; quae pagina 16 indicat. /</subfield>
      <subfield code="c">Omnia nunc denuo recognita, emendata, &amp; aucta per Joan. Sambucum Cæs. Maiest. consiliarium &amp; historicum. Cum indice copiosiss.</subfield>
    </datafield>
    <datafield tag="246" ind1="3" ind2=" ">
      <subfield code="a">Antonii Bonfinii Rervm Vngaricarvm decades qvatvor cvm dimidia</subfield>
    </datafield>
    <datafield tag="246" ind1="3" ind2="0">
      <subfield code="a">Rerum Ungaricarum decades quatuor cum dimidia</subfield>
    </datafield>
    <datafield tag="246" ind1="3" ind2="0">
      <subfield code="a">Rervm Vngaricarvm decades qvatvor cvm dimidia</subfield>
    </datafield>
    <datafield tag="264" ind1=" " ind2="1">
      <subfield code="a">Francofurti :</subfield>
      <subfield code="b">Apud Andream Wechelum,</subfield>
      <subfield code="c">M.D. LXXXI. [1581]</subfield>
    </datafield>
    <datafield tag="300" ind1=" " ind2=" ">
      <subfield code="a">2 parts in 1 volume (943, [29]; [8], 114, [2] pages) ;</subfield>
      <subfield code="c">35 cm (folio)</subfield>
    </datafield>
    <datafield tag="336" ind1=" " ind2=" ">
      <subfield code="a">text</subfield>
      <subfield code="b">txt</subfield>
      <subfield code="2">rdacontent</subfield>
    </datafield>
    <datafield tag="337" ind1=" " ind2=" ">
      <subfield code="a">unmediated</subfield>
      <subfield code="b">n</subfield>
      <subfield code="2">rdamedia</subfield>
    </datafield>
    <datafield tag="338" ind1=" " ind2=" ">
      <subfield code="a">volume</subfield>
      <subfield code="b">nc</subfield>
      <subfield code="2">rdacarrier</subfield>
    </datafield>
    <datafield tag="340" ind1=" " ind2=" ">
      <subfield code="m">folio</subfield>
      <subfield code="2">rdabf</subfield>
    </datafield>
    <datafield tag="500" ind1=" " ind2=" ">
      <subfield code="a">Pt. 2, "Decretorum seu Articulorum aliquot priscorum Ungariæ Regum ad contextum Bonfinii Illustrandum, foríq; Pannonici usum neceessariorum, liber" has separate dated title and begins new pagination and register.</subfield>
    </datafield>
    <datafield tag="500" ind1=" " ind2=" ">
      <subfield code="a">Includes: De regibus Ungariae / Michael Ritii; Attila / P. Callimachi; Atila / Nicolai Olahi; Chronologia de regibus Hungaricis / Abrahami Bakschay.</subfield>
    </datafield>
    <datafield tag="500" ind1=" " ind2=" ">
      <subfield code="a">Printer's device depicting Pegasus with initials AW on t.p. and repeated on verso of final leaf.</subfield>
    </datafield>
    <datafield tag="500" ind1=" " ind2=" ">
      <subfield code="a">Signatures: ã-ẽ⁴ a-z⁶ A-Z⁶ Aa-Zz⁶ AA-II⁶ KK⁴ LL⁶ MM-NN⁴ ae⁴ Aaa-Iii⁶ Kkk⁴.</subfield>
    </datafield>
    <datafield tag="500" ind1=" " ind2=" ">
      <subfield code="a">Includes index.</subfield>
    </datafield>
    <datafield tag="500" ind1=" " ind2=" ">
      <subfield code="a">Head- and tail-pieces, initials, marginal notes.</subfield>
    </datafield>
    <datafield tag="500" ind1=" " ind2=" ">
      <subfield code="a">On colophon: Francofurti excudebat Andreas Wechelus, anno salutis 1581.</subfield>
    </datafield>
    <datafield tag="510" ind1="4" ind2=" ">
      <subfield code="a">Adams, H.M. Catalogue of books printed on the continent of Europe, 1501-1600, in Cambridge libraries,</subfield>
      <subfield code="c">B2417</subfield>
    </datafield>
    <datafield tag="651" ind1=" " ind2="0">
      <subfield code="a">Hungary</subfield>
      <subfield code="x">History</subfield>
      <subfield code="v">Early works to 1800.</subfield>
    </datafield>
    <datafield tag="651" ind1=" " ind2="6">
      <subfield code="a">Hongrie</subfield>
      <subfield code="x">Histoire</subfield>
      <subfield code="v">Ouvrages avant 1800.</subfield>
    </datafield>
    <datafield tag="651" ind1=" " ind2="7">
      <subfield code="a">Hungary.</subfield>
      <subfield code="2">fast</subfield>
      <subfield code="0">(OCoLC)fst01205132</subfield>
      <subfield code="1">https://id.oclc.org/worldcat/entity/E39PBJqBtb4QKCYGrVyyWtMQMP</subfield>
    </datafield>
    <datafield tag="655" ind1=" " ind2="7">
      <subfield code="a">Early works.</subfield>
      <subfield code="2">fast</subfield>
      <subfield code="0">(OCoLC)fst01411636</subfield>
    </datafield>
    <datafield tag="655" ind1=" " ind2="7">
      <subfield code="a">History.</subfield>
      <subfield code="2">fast</subfield>
      <subfield code="0">(OCoLC)fst01411628</subfield>
    </datafield>
    <datafield tag="700" ind1="1" ind2=" ">
      <subfield code="a">Zsámboki, János,</subfield>
      <subfield code="d">1531-1584,</subfield>
      <subfield code="e">contributor.</subfield>
      <subfield code="4">ctb</subfield>
      <subfield code="1">https://id.oclc.org/worldcat/entity/E39PBJfmrdgYwb6rvW34vpXcfq</subfield>
    </datafield>
    <datafield tag="700" ind1="1" ind2=" ">
      <subfield code="a">Wechel, Andreas,</subfield>
      <subfield code="d">-1581,</subfield>
      <subfield code="e">printer.</subfield>
      <subfield code="4">prt</subfield>
      <subfield code="1">https://id.oclc.org/worldcat/entity/E39PBJmXDHgVVjdYKPmdWXg7pP</subfield>
    </datafield>
    <datafield tag="700" ind1="1" ind2=" ">
      <subfield code="i">Container of (work):</subfield>
      <subfield code="a">Riccio, Michele,</subfield>
      <subfield code="d">1445-1515.</subfield>
      <subfield code="t">De regibus Ungariae.</subfield>
    </datafield>
    <datafield tag="700" ind1="1" ind2=" ">
      <subfield code="i">Container of (work):</subfield>
      <subfield code="a">Buonaccorsi, Filippo,</subfield>
      <subfield code="d">1437-1496.</subfield>
      <subfield code="t">Attila.</subfield>
    </datafield>
    <datafield tag="700" ind1="1" ind2=" ">
      <subfield code="i">Container of (work):</subfield>
      <subfield code="a">Oláh, Miklós,</subfield>
      <subfield code="d">1493-1568.</subfield>
      <subfield code="t">Atila.</subfield>
    </datafield>
    <datafield tag="700" ind1="1" ind2=" ">
      <subfield code="i">Container of (work):</subfield>
      <subfield code="a">Baksay, Abraham.</subfield>
      <subfield code="t">Chronologia de regibus Hungaricis</subfield>
    </datafield>
    <datafield tag="740" ind1="0" ind2="2">
      <subfield code="a">Decretorum seu Articulorum aliquot priscorum Vngariae Regum.</subfield>
    </datafield>
    <datafield tag="752" ind1=" " ind2=" ">
      <subfield code="a">Germany</subfield>
      <subfield code="d">Frankfurt,</subfield>
      <subfield code="e">publication place.</subfield>
      <subfield code="4">pup</subfield>
    </datafield>
    <datafield tag="758" ind1=" " ind2=" ">
      <subfield code="i">has work:</subfield>
      <subfield code="a">Antonii Bonfinii Rerum Vngaricarum decades quatuor cum dimidia (Text)</subfield>
      <subfield code="1">https://id.oclc.org/worldcat/entity/E39PCGPDFry3wPq9CmhRfmTm3P</subfield>
      <subfield code="4">https://id.oclc.org/worldcat/ontology/hasWork</subfield>
    </datafield>
  </record>